000 00484nam a2200217Ia 4500
003 IT-RoPAU
008 120407s9999 xx 000 0 und d
040 _aIT-RoPAU
040 _cIT-RoPAU
041 _aita
100 _aOscar Cullmann
245 _aGesù e i rivoluzionari del suo tempo: culto, società, politica.
250 _aBrescia
260 _aMorcelliana
260 _c1971
300 _a78 p.
300 _c19 cm
490 _v1
942 _cBK
999 _c36730
_d36730